<?xml version="1.0" encoding="UTF-8"?>
<record
    xmlns:xsi="http://www.w3.org/2001/XMLSchema-instance"
    xsi:schemaLocation="http://www.loc.gov/MARC21/slim http://www.loc.gov/standards/marcxml/schema/MARC21slim.xsd"
    xmlns="http://www.loc.gov/MARC21/slim">

  <leader>02742cam a22004335i 4500</leader>
  <datafield tag="999" ind1=" " ind2=" ">
    <subfield code="c">528135</subfield>
    <subfield code="d">528135</subfield>
  </datafield>
  <controlfield tag="001">21678030</controlfield>
  <controlfield tag="005">20241113150610.0</controlfield>
  <controlfield tag="006">m    |o  d |      </controlfield>
  <controlfield tag="007">cr |||||||||||</controlfield>
  <controlfield tag="008">180616s2019    gw |||| o    |||| 0|eng  </controlfield>
  <datafield tag="010" ind1=" " ind2=" ">
    <subfield code="a">  2019745914</subfield>
  </datafield>
  <datafield tag="020" ind1=" " ind2=" ">
    <subfield code="a">9783319901015</subfield>
  </datafield>
  <datafield tag="024" ind1="7" ind2=" ">
    <subfield code="a">10.1007/978-3-319-90101-5</subfield>
    <subfield code="2">doi</subfield>
  </datafield>
  <datafield tag="035" ind1=" " ind2=" ">
    <subfield code="a">(DE-He213)978-3-319-90101-5</subfield>
  </datafield>
  <datafield tag="040" ind1=" " ind2=" ">
    <subfield code="a">DLC</subfield>
    <subfield code="b">eng</subfield>
    <subfield code="e">pn</subfield>
    <subfield code="e">rda</subfield>
    <subfield code="c">DLC</subfield>
  </datafield>
  <datafield tag="072" ind1=" " ind2="7">
    <subfield code="a">JP</subfield>
    <subfield code="2">bicssc</subfield>
  </datafield>
  <datafield tag="072" ind1=" " ind2="7">
    <subfield code="a">JP</subfield>
    <subfield code="x">1D</subfield>
    <subfield code="2">thema</subfield>
  </datafield>
  <datafield tag="072" ind1=" " ind2="7">
    <subfield code="a">POL058000</subfield>
    <subfield code="2">bisacsh</subfield>
  </datafield>
  <datafield tag="082" ind1="0" ind2="4">
    <subfield code="a">B2 F955</subfield>
  </datafield>
  <datafield tag="100" ind1="1" ind2=" ">
    <subfield code="a">Zurni&#x107;, Marija.</subfield>
    <subfield code="e">author.</subfield>
    <subfield code="9">48719</subfield>
  </datafield>
  <datafield tag="245" ind1="1" ind2="0">
    <subfield code="a">Corruption and Democratic Transition in Eastern Europe :</subfield>
    <subfield code="b">The Role of Political Scandals in Post-Milo&#x161;evi&#x107; Serbia /</subfield>
    <subfield code="c">by Marija Zurni&#x107;.</subfield>
  </datafield>
  <datafield tag="250" ind1=" " ind2=" ">
    <subfield code="a">1st ed. 2019.</subfield>
  </datafield>
  <datafield tag="260" ind1=" " ind2=" ">
    <subfield code="a">London</subfield>
    <subfield code="b">Profile Books</subfield>
    <subfield code="c">2014</subfield>
  </datafield>
  <datafield tag="300" ind1=" " ind2=" ">
    <subfield code="a">1 online resource (XI, 262 pages 2 illustrations in color.)</subfield>
  </datafield>
  <datafield tag="490" ind1="1" ind2=" ">
    <subfield code="a">Political Corruption and Governance</subfield>
  </datafield>
  <datafield tag="520" ind1=" " ind2=" ">
    <subfield code="a">This book examines the relationship between corruption scandals and transitional processes in post-Milo&#x161;evi&#x107; Serbia after 2000. The study challenges the view that corruption has always been understood as a conflict between private interests and the public good, as these concepts are defined in Western democracies, and explores how anti-corruption discourse has been used for political mobilisation. Through an examination of high-profile political scandals in Serbia, the author shows how the meaning of corruption changed over time. In the early 2000s, corruption focused on the legacy of Milo&#x161;evi&#x107;'s rule and was identified through the public's limited access to the privatisation process. By the end of the decade, conceptualisations of corruption in public debate were so diversified that each anti-corruption measure undertaken by the state was interpreted as an act of corruption by other voices in the discourse. The book will appeal to students and scholars interested in corruption studies, discourse analysis and Balkan politics. Marija Zurni&#x107; is an independent researcher in anti-corruption studies and discourse analysis in Southeast Europe.</subfield>
  </datafield>
  <datafield tag="650" ind1=" " ind2="0">
    <subfield code="a">Democracy.</subfield>
    <subfield code="9">48720</subfield>
  </datafield>
  <datafield tag="650" ind1=" " ind2="0">
    <subfield code="a">Europe-Politics and government.</subfield>
    <subfield code="9">48721</subfield>
  </datafield>
  <datafield tag="650" ind1=" " ind2="0">
    <subfield code="a">Political leadership.</subfield>
    <subfield code="9">48722</subfield>
  </datafield>
  <datafield tag="650" ind1="1" ind2="4">
    <subfield code="a">European Politics.</subfield>
    <subfield code="9">48723</subfield>
  </datafield>
  <datafield tag="650" ind1="2" ind2="4">
    <subfield code="a">Democracy.</subfield>
    <subfield code="9">48720</subfield>
  </datafield>
  <datafield tag="650" ind1="2" ind2="4">
    <subfield code="a">Political Leadership.</subfield>
    <subfield code="9">48724</subfield>
  </datafield>
  <datafield tag="776" ind1="0" ind2="8">
    <subfield code="i">Print version:</subfield>
    <subfield code="t">Corruption and democratic transition in Eastern Europe.</subfield>
    <subfield code="z">9783319901008</subfield>
    <subfield code="w">(DLC)  2018942880</subfield>
  </datafield>
  <datafield tag="776" ind1="0" ind2="8">
    <subfield code="i">Printed edition:</subfield>
    <subfield code="z">9783030079345</subfield>
  </datafield>
  <datafield tag="776" ind1="0" ind2="8">
    <subfield code="i">Printed edition:</subfield>
    <subfield code="z">9783319901008</subfield>
  </datafield>
  <datafield tag="776" ind1="0" ind2="8">
    <subfield code="i">Printed edition:</subfield>
    <subfield code="z">9783319901022</subfield>
  </datafield>
  <datafield tag="830" ind1=" " ind2="0">
    <subfield code="a">Political Corruption and Governance</subfield>
    <subfield code="9">48725</subfield>
  </datafield>
  <datafield tag="906" ind1=" " ind2=" ">
    <subfield code="a">0</subfield>
    <subfield code="b">ibc</subfield>
    <subfield code="c">origres</subfield>
    <subfield code="d">u</subfield>
    <subfield code="e">ncip</subfield>
    <subfield code="f">20</subfield>
    <subfield code="g">y-gencatlg</subfield>
  </datafield>
  <datafield tag="952" ind1=" " ind2=" ">
    <subfield code="0">0</subfield>
    <subfield code="1">0</subfield>
    <subfield code="2">ddc</subfield>
    <subfield code="4">0</subfield>
    <subfield code="6">B_2_000000000000000_F955</subfield>
    <subfield code="7">0</subfield>
    <subfield code="a">IIPA</subfield>
    <subfield code="b">IIPA</subfield>
    <subfield code="c">DISPLAY</subfield>
    <subfield code="d">2024-11-13</subfield>
    <subfield code="o">B2 F955</subfield>
    <subfield code="p">89297</subfield>
    <subfield code="r">2024-11-13</subfield>
    <subfield code="w">2024-11-13</subfield>
    <subfield code="y">BK</subfield>
  </datafield>
</record>
